000
00305nam a22001217a 4500
008
160506b xxu||||| |||| 00| 0 eng d
020
_a
9780801663864
020
_a
0801663865
041
_a
eng
080
_a
61
245
_a
Medical emergencies in the dental office:
_c
Stanley F.Malamend;
942
_2
udc
_c
BK
999
_c
1838
_d
1838